Linear multivariable control theory (Record no. 12414)

000 -LEADER
fixed length control field 00538nam a22002057a 4500
001 - CONTROL NUMBER
control field 12414
003 - CONTROL NUMBER IDENTIFIER
control field BD-DhUET
008 - FIXED-LENGTH DATA ELEMENTS--GENERAL INFORMATION
fixed length control field 150225s1981 ii a|||| |||| 001 0 eng d
020 ## - INTERNATIONAL STANDARD BOOK NUMBER
International Standard Book Number 0074515128
040 ## - CATALOGING SOURCE
Transcribing agency 0
Modifying agency BD-DhUET
082 ## - DEWEY DECIMAL CLASSIFICATION NUMBER
Classification number 629.432
Item number APT/1981
100 ## - MAIN ENTRY--PERSONAL NAME
Personal name Apte Y. S.
245 ## - TITLE STATEMENT
Title Linear multivariable control theory
250 ## - EDITION STATEMENT
Edition statement 1st ed.
260 ## - PUBLICATION, DISTRIBUTION, ETC. (IMPRINT)
Place of publication, distribution, etc. New Delhi
Name of publisher, distributor, etc. Tata McGraw-Hill
Date of publication, distribution, etc. 1981
300 ## - PHYSICAL DESCRIPTION
Extent xii, 164 p.
Other physical details ill.
Dimensions 25 cm.
504 ## - BIBLIOGRAPHY, ETC. NOTE
Bibliography, etc Includes bibliographies
650 #0 - SUBJECT ADDED ENTRY--TOPICAL TERM
Topical term or geographic name as entry element Multivariable control theory
942 ## - ADDED ENTRY ELEMENTS (KOHA)
Koha item type General Book
Holdings
Koha item type Piece designation (barcode) Price effective from Location (home branch) Not for loan Withdrawn status Copy number Shelving location Lost status Koha full call number Sublocation or collection (holding branch) Source of classification or shelving scheme Koha normalized classification for sorting Damaged status Date acquired Koha date last seen
General Book584242015-02-25Central Library, BUET  1Circulation section 629.432/APT/1981Central Library, BUET 629_432000000000000_APT_1981 2015-02-252015-02-25
General Book584282015-02-25Central Library, BUET  2Cataloging section 629.432/APT/1981Central Library, BUET 629_432000000000000_APT_1981 2015-02-252015-02-25
General Book584272015-02-25Central Library, BUET  3Circulation section 629.432/APT/1981Central Library, BUET 629_432000000000000_APT_1981 2015-02-252015-02-25
General Book584262015-02-25Central Library, BUET  4Circulation section 629.432/APT/1981Central Library, BUET 629_432000000000000_APT_1981 2015-02-252015-02-25
General Book584252015-02-25Central Library, BUET  5Circulation section 629.432/APT/1981Central Library, BUET 629_432000000000000_APT_1981 2015-02-252015-02-25
General Book584222015-02-25Central Library, BUET  6Circulation section 629.432/APT/1981Central Library, BUET 629_432000000000000_APT_1981 2015-02-252015-02-25
General Book584232015-02-25Central Library, BUET  7Circulation section 629.432/APT/1981Central Library, BUET 629_432000000000000_APT_1981 2015-02-252015-02-25
General Book 584202015-05-07Central Library, BUET  8Circulation section 629.432/APT/1981Central Library, BUET 629_432000000000000_APT_1981 2015-05-072015-05-07